<?xml version="1.0" encoding="UTF-8"?>
<collection xmlns="http://www.loc.gov/MARC21/slim">
 <record>
  <leader>15344nas a2201393 a 4500</leader>
  <controlfield tag="001">1/50124</controlfield>
  <controlfield tag="008">031015c19789999enkmrzp       0   a0eng d</controlfield>
  <datafield tag="022" ind1=" " ind2=" ">
   <subfield code="a">0160-5682</subfield>
  </datafield>
  <datafield tag="035" ind1=" " ind2=" ">
   <subfield code="l">4525</subfield>
  </datafield>
  <datafield tag="040" ind1=" " ind2=" ">
   <subfield code="a">DLC</subfield>
   <subfield code="b">GR-PeUP</subfield>
  </datafield>
  <datafield tag="090" ind1=" " ind2=" ">
   <subfield code="a">Αλφαβητική σειρά</subfield>
  </datafield>
  <datafield tag="245" ind1="0" ind2="0">
   <subfield code="a">Journal of the Operational Research Society</subfield>
  </datafield>
  <datafield tag="246" ind1="1" ind2="2">
   <subfield code="a">JORS</subfield>
  </datafield>
  <datafield tag="260" ind1=" " ind2=" ">
   <subfield code="a">Oxford, England :</subfield>
   <subfield code="b">Published by Pergamon Press for Operational Research Society,</subfield>
   <subfield code="c">1978-</subfield>
  </datafield>
  <datafield tag="300" ind1=" " ind2=" ">
   <subfield code="a">v. :</subfield>
   <subfield code="b">ill. ;</subfield>
   <subfield code="c">28 cm.</subfield>
  </datafield>
  <datafield tag="310" ind1=" " ind2=" ">
   <subfield code="a">Monthly</subfield>
  </datafield>
  <datafield tag="362" ind1="0" ind2=" ">
   <subfield code="a">Vol.29, no.1(Jan. 1978)-v.51, no.12(Dec. 2000)</subfield>
  </datafield>
  <datafield tag="546" ind1=" " ind2=" ">
   <subfield code="a">English</subfield>
  </datafield>
  <datafield tag="650" ind1=" " ind2="4">
   <subfield code="a">Operations research</subfield>
   <subfield code="v">Periodicals.</subfield>
  </datafield>
  <datafield tag="710" ind1="2" ind2=" ">
   <subfield code="a">Operational Research Society (Great Britain)</subfield>
  </datafield>
  <datafield tag="852" ind1=" " ind2=" ">
   <subfield code="a">INST</subfield>
   <subfield code="b">UNIPILB</subfield>
   <subfield code="c">SERIALS</subfield>
   <subfield code="e">20050215</subfield>
   <subfield code="h">Αλφαβητική σειρά</subfield>
   <subfield code="p">40006</subfield>
   <subfield code="q">40006</subfield>
   <subfield code="t">NOLOAN</subfield>
   <subfield code="v">vol.54;no.1:(Μήνας)January;(Έτος)2003</subfield>
   <subfield code="y">23</subfield>
  </datafield>
  <datafield tag="852" ind1=" " ind2=" ">
   <subfield code="a">INST</subfield>
   <subfield code="b">UNIPILB</subfield>
   <subfield code="c">SERIALS</subfield>
   <subfield code="e">20050215</subfield>
   <subfield code="h">Αλφαβητική σειρά</subfield>
   <subfield code="p">40007</subfield>
   <subfield code="q">40007</subfield>
   <subfield code="t">NOLOAN</subfield>
   <subfield code="v">vol.54;no.2:(Μήνας)February;(Έτος)2003</subfield>
   <subfield code="y">23</subfield>
  </datafield>
  <datafield tag="852" ind1=" " ind2=" ">
   <subfield code="a">INST</subfield>
   <subfield code="b">UNIPILB</subfield>
   <subfield code="c">SERIALS</subfield>
   <subfield code="e">20050215</subfield>
   <subfield code="h">Αλφαβητική σειρά</subfield>
   <subfield code="p">40008</subfield>
   <subfield code="q">40008</subfield>
   <subfield code="t">NOLOAN</subfield>
   <subfield code="v">vol.54;no.3:(Μήνας)March;(Έτος)2003</subfield>
   <subfield code="y">23</subfield>
  </datafield>
  <datafield tag="852" ind1=" " ind2=" ">
   <subfield code="a">INST</subfield>
   <subfield code="b">UNIPILB</subfield>
   <subfield code="c">SERIALS</subfield>
   <subfield code="e">20050215</subfield>
   <subfield code="h">Αλφαβητική σειρά</subfield>
   <subfield code="p">40009</subfield>
   <subfield code="q">40009</subfield>
   <subfield code="t">NOLOAN</subfield>
   <subfield code="v">vol.54;no.4:(Μήνας)April;(Έτος)2003</subfield>
   <subfield code="y">23</subfield>
  </datafield>
  <datafield tag="852" ind1=" " ind2=" ">
   <subfield code="a">INST</subfield>
   <subfield code="b">UNIPILB</subfield>
   <subfield code="c">SERIALS</subfield>
   <subfield code="e">20050215</subfield>
   <subfield code="h">Αλφαβητική σειρά</subfield>
   <subfield code="p">40010</subfield>
   <subfield code="q">40010</subfield>
   <subfield code="t">NOLOAN</subfield>
   <subfield code="v">vol.54;no.5:(Μήνας)May;(Έτος)2003</subfield>
   <subfield code="y">23</subfield>
  </datafield>
  <datafield tag="852" ind1=" " ind2=" ">
   <subfield code="a">INST</subfield>
   <subfield code="b">UNIPILB</subfield>
   <subfield code="c">SERIALS</subfield>
   <subfield code="e">20050215</subfield>
   <subfield code="h">Αλφαβητική σειρά</subfield>
   <subfield code="p">40011</subfield>
   <subfield code="q">40011</subfield>
   <subfield code="t">NOLOAN</subfield>
   <subfield code="v">vol.54;no.6:(Μήνας)June;(Έτος)2003</subfield>
   <subfield code="y">23</subfield>
  </datafield>
  <datafield tag="852" ind1=" " ind2=" ">
   <subfield code="a">INST</subfield>
   <subfield code="b">UNIPILB</subfield>
   <subfield code="c">SERIALS</subfield>
   <subfield code="e">20050215</subfield>
   <subfield code="h">Αλφαβητική σειρά</subfield>
   <subfield code="p">40012</subfield>
   <subfield code="q">40012</subfield>
   <subfield code="t">NOLOAN</subfield>
   <subfield code="v">vol.54;no.7:(Μήνας)July;(Έτος)2003</subfield>
   <subfield code="y">23</subfield>
  </datafield>
  <datafield tag="852" ind1=" " ind2=" ">
   <subfield code="a">INST</subfield>
   <subfield code="b">UNIPILB</subfield>
   <subfield code="c">SERIALS</subfield>
   <subfield code="e">20050215</subfield>
   <subfield code="h">Αλφαβητική σειρά</subfield>
   <subfield code="p">40013</subfield>
   <subfield code="q">40013</subfield>
   <subfield code="t">NOLOAN</subfield>
   <subfield code="v">vol.54;no.8:(Μήνας)August;(Έτος)2003</subfield>
   <subfield code="y">23</subfield>
  </datafield>
  <datafield tag="852" ind1=" " ind2=" ">
   <subfield code="a">INST</subfield>
   <subfield code="b">UNIPILB</subfield>
   <subfield code="c">SERIALS</subfield>
   <subfield code="e">20050215</subfield>
   <subfield code="h">Αλφαβητική σειρά</subfield>
   <subfield code="p">40014</subfield>
   <subfield code="q">40014</subfield>
   <subfield code="t">NOLOAN</subfield>
   <subfield code="v">vol.54;no.9:(Μήνας)September;(Έτος)2003</subfield>
   <subfield code="y">23</subfield>
  </datafield>
  <datafield tag="852" ind1=" " ind2=" ">
   <subfield code="a">INST</subfield>
   <subfield code="b">UNIPILB</subfield>
   <subfield code="c">SERIALS</subfield>
   <subfield code="e">20050215</subfield>
   <subfield code="h">Αλφαβητική σειρά</subfield>
   <subfield code="p">40015</subfield>
   <subfield code="q">40015</subfield>
   <subfield code="t">NOLOAN</subfield>
   <subfield code="v">vol.54;no.10:(Μήνας)October;(Έτος)2003</subfield>
   <subfield code="y">23</subfield>
  </datafield>
  <datafield tag="852" ind1=" " ind2=" ">
   <subfield code="a">INST</subfield>
   <subfield code="b">UNIPILB</subfield>
   <subfield code="c">SERIALS</subfield>
   <subfield code="e">20050215</subfield>
   <subfield code="h">Αλφαβητική σειρά</subfield>
   <subfield code="p">40016</subfield>
   <subfield code="q">40016</subfield>
   <subfield code="t">NOLOAN</subfield>
   <subfield code="v">vol.54;no.11:(Μήνας)November;(Έτος)2003</subfield>
   <subfield code="y">23</subfield>
  </datafield>
  <datafield tag="852" ind1=" " ind2=" ">
   <subfield code="a">INST</subfield>
   <subfield code="b">UNIPILB</subfield>
   <subfield code="c">SERIALS</subfield>
   <subfield code="e">20050215</subfield>
   <subfield code="h">Αλφαβητική σειρά</subfield>
   <subfield code="p">40017</subfield>
   <subfield code="q">40017</subfield>
   <subfield code="t">NOLOAN</subfield>
   <subfield code="v">vol.54;no.12:(Μήνας)December;(Έτος)2003</subfield>
   <subfield code="y">23</subfield>
  </datafield>
  <datafield tag="852" ind1=" " ind2=" ">
   <subfield code="a">INST</subfield>
   <subfield code="b">UNIPILB</subfield>
   <subfield code="c">SERIALS</subfield>
   <subfield code="e">20050311</subfield>
   <subfield code="h">Αλφαβητική σειρά</subfield>
   <subfield code="p">41214</subfield>
   <subfield code="q">41214</subfield>
   <subfield code="t">NOLOAN</subfield>
   <subfield code="v">vol.53;no.1:(Μήνας)January;(Έτος)2002</subfield>
   <subfield code="y">23</subfield>
  </datafield>
  <datafield tag="852" ind1=" " ind2=" ">
   <subfield code="a">INST</subfield>
   <subfield code="b">UNIPILB</subfield>
   <subfield code="c">SERIALS</subfield>
   <subfield code="e">20050311</subfield>
   <subfield code="h">Αλφαβητική σειρά</subfield>
   <subfield code="p">41215</subfield>
   <subfield code="q">41215</subfield>
   <subfield code="t">NOLOAN</subfield>
   <subfield code="v">vol.53;no.2:(Μήνας)February;(Έτος)2002</subfield>
   <subfield code="y">23</subfield>
  </datafield>
  <datafield tag="852" ind1=" " ind2=" ">
   <subfield code="a">INST</subfield>
   <subfield code="b">UNIPILB</subfield>
   <subfield code="c">SERIALS</subfield>
   <subfield code="e">20050311</subfield>
   <subfield code="h">Αλφαβητική σειρά</subfield>
   <subfield code="p">41216</subfield>
   <subfield code="q">41216</subfield>
   <subfield code="t">NOLOAN</subfield>
   <subfield code="v">vol.53;no.3:(Μήνας)March;(Έτος)2002</subfield>
   <subfield code="y">23</subfield>
  </datafield>
  <datafield tag="852" ind1=" " ind2=" ">
   <subfield code="a">INST</subfield>
   <subfield code="b">UNIPILB</subfield>
   <subfield code="c">SERIALS</subfield>
   <subfield code="e">20050311</subfield>
   <subfield code="h">Αλφαβητική σειρά</subfield>
   <subfield code="p">41217</subfield>
   <subfield code="q">41217</subfield>
   <subfield code="t">NOLOAN</subfield>
   <subfield code="v">vol.53;no.4:(Μήνας)April;(Έτος)2002</subfield>
   <subfield code="y">23</subfield>
  </datafield>
  <datafield tag="852" ind1=" " ind2=" ">
   <subfield code="a">INST</subfield>
   <subfield code="b">UNIPILB</subfield>
   <subfield code="c">SERIALS</subfield>
   <subfield code="e">20050311</subfield>
   <subfield code="h">Αλφαβητική σειρά</subfield>
   <subfield code="p">41218</subfield>
   <subfield code="q">41218</subfield>
   <subfield code="t">NOLOAN</subfield>
   <subfield code="v">vol.53;no.5:(Μήνας)May;(Έτος)2002</subfield>
   <subfield code="y">23</subfield>
  </datafield>
  <datafield tag="852" ind1=" " ind2=" ">
   <subfield code="a">INST</subfield>
   <subfield code="b">UNIPILB</subfield>
   <subfield code="c">SERIALS</subfield>
   <subfield code="e">20050311</subfield>
   <subfield code="h">Αλφαβητική σειρά</subfield>
   <subfield code="p">41219</subfield>
   <subfield code="q">41219</subfield>
   <subfield code="t">NOLOAN</subfield>
   <subfield code="v">vol.53;no.6:(Μήνας)June;(Έτος)2002</subfield>
   <subfield code="y">23</subfield>
  </datafield>
  <datafield tag="852" ind1=" " ind2=" ">
   <subfield code="a">INST</subfield>
   <subfield code="b">UNIPILB</subfield>
   <subfield code="c">SERIALS</subfield>
   <subfield code="e">20050311</subfield>
   <subfield code="h">Αλφαβητική σειρά</subfield>
   <subfield code="p">41220</subfield>
   <subfield code="q">41220</subfield>
   <subfield code="t">NOLOAN</subfield>
   <subfield code="v">vol.53;no.7:(Μήνας)July;(Έτος)2002</subfield>
   <subfield code="y">23</subfield>
  </datafield>
  <datafield tag="852" ind1=" " ind2=" ">
   <subfield code="a">INST</subfield>
   <subfield code="b">UNIPILB</subfield>
   <subfield code="c">SERIALS</subfield>
   <subfield code="e">20050311</subfield>
   <subfield code="h">Αλφαβητική σειρά</subfield>
   <subfield code="p">41221</subfield>
   <subfield code="q">41221</subfield>
   <subfield code="t">NOLOAN</subfield>
   <subfield code="v">vol.53;no.8:(Μήνας)August;(Έτος)2002</subfield>
   <subfield code="y">23</subfield>
  </datafield>
  <datafield tag="852" ind1=" " ind2=" ">
   <subfield code="a">INST</subfield>
   <subfield code="b">UNIPILB</subfield>
   <subfield code="c">SERIALS</subfield>
   <subfield code="e">20050311</subfield>
   <subfield code="h">Αλφαβητική σειρά</subfield>
   <subfield code="p">41222</subfield>
   <subfield code="q">41222</subfield>
   <subfield code="t">NOLOAN</subfield>
   <subfield code="v">vol.53;no.9:(Μήνας)September;(Έτος)2002</subfield>
   <subfield code="y">23</subfield>
  </datafield>
  <datafield tag="852" ind1=" " ind2=" ">
   <subfield code="a">INST</subfield>
   <subfield code="b">UNIPILB</subfield>
   <subfield code="c">SERIALS</subfield>
   <subfield code="e">20050311</subfield>
   <subfield code="h">Αλφαβητική σειρά</subfield>
   <subfield code="p">41223</subfield>
   <subfield code="q">41223</subfield>
   <subfield code="t">NOLOAN</subfield>
   <subfield code="v">vol.53;no.10:(Μήνας)October;(Έτος)2002</subfield>
   <subfield code="y">23</subfield>
  </datafield>
  <datafield tag="852" ind1=" " ind2=" ">
   <subfield code="a">INST</subfield>
   <subfield code="b">UNIPILB</subfield>
   <subfield code="c">SERIALS</subfield>
   <subfield code="e">20050311</subfield>
   <subfield code="h">Αλφαβητική σειρά</subfield>
   <subfield code="p">41224</subfield>
   <subfield code="q">41224</subfield>
   <subfield code="t">NOLOAN</subfield>
   <subfield code="v">vol.53;no.11:(Μήνας)November;(Έτος)2002</subfield>
   <subfield code="y">23</subfield>
  </datafield>
  <datafield tag="852" ind1=" " ind2=" ">
   <subfield code="a">INST</subfield>
   <subfield code="b">UNIPILB</subfield>
   <subfield code="c">SERIALS</subfield>
   <subfield code="e">20050311</subfield>
   <subfield code="h">Αλφαβητική σειρά</subfield>
   <subfield code="p">41225</subfield>
   <subfield code="q">41225</subfield>
   <subfield code="t">NOLOAN</subfield>
   <subfield code="v">vol.53;no.12:(Μήνας)December;(Έτος)2002</subfield>
   <subfield code="y">23</subfield>
  </datafield>
  <datafield tag="852" ind1=" " ind2=" ">
   <subfield code="a">INST</subfield>
   <subfield code="b">UNIPILB</subfield>
   <subfield code="c">SERIALS</subfield>
   <subfield code="e">20050405</subfield>
   <subfield code="h">Αλφαβητική σειρά</subfield>
   <subfield code="p">42104</subfield>
   <subfield code="q">42104</subfield>
   <subfield code="t">NOLOAN</subfield>
   <subfield code="v">vol.55;no.4:(Μήνας)April;(Έτος)2004</subfield>
   <subfield code="y">23</subfield>
  </datafield>
  <datafield tag="852" ind1=" " ind2=" ">
   <subfield code="a">INST</subfield>
   <subfield code="b">UNIPILB</subfield>
   <subfield code="c">SERIALS</subfield>
   <subfield code="e">20050405</subfield>
   <subfield code="h">Αλφαβητική σειρά</subfield>
   <subfield code="p">42105</subfield>
   <subfield code="q">42105</subfield>
   <subfield code="t">NOLOAN</subfield>
   <subfield code="v">vol.55;no.7:(Μήνας)July;(Έτος)2004</subfield>
   <subfield code="y">23</subfield>
  </datafield>
  <datafield tag="852" ind1=" " ind2=" ">
   <subfield code="a">INST</subfield>
   <subfield code="b">UNIPILB</subfield>
   <subfield code="c">SERIALS</subfield>
   <subfield code="e">20051018</subfield>
   <subfield code="h">Αλφαβητική σειρά</subfield>
   <subfield code="p">47647</subfield>
   <subfield code="q">47647</subfield>
   <subfield code="t">NOLOAN</subfield>
   <subfield code="v">vol.55;no.3:(Μήνας)March;(Έτος)2004</subfield>
   <subfield code="y">23</subfield>
  </datafield>
  <datafield tag="852" ind1=" " ind2=" ">
   <subfield code="a">INST</subfield>
   <subfield code="b">UNIPILB</subfield>
   <subfield code="c">SERIALS</subfield>
   <subfield code="e">20051018</subfield>
   <subfield code="h">Αλφαβητική σειρά</subfield>
   <subfield code="p">47648</subfield>
   <subfield code="q">47648</subfield>
   <subfield code="t">NOLOAN</subfield>
   <subfield code="v">vol.55;no.5:(Μήνας)May;(Έτος)2004</subfield>
   <subfield code="y">23</subfield>
  </datafield>
  <datafield tag="852" ind1=" " ind2=" ">
   <subfield code="a">INST</subfield>
   <subfield code="b">UNIPILB</subfield>
   <subfield code="c">SERIALS</subfield>
   <subfield code="e">20051018</subfield>
   <subfield code="h">Αλφαβητική σειρά</subfield>
   <subfield code="p">47649</subfield>
   <subfield code="q">47649</subfield>
   <subfield code="t">NOLOAN</subfield>
   <subfield code="v">vol.55;no.6:(Μήνας)June;(Έτος)2004</subfield>
   <subfield code="y">23</subfield>
  </datafield>
  <datafield tag="852" ind1=" " ind2=" ">
   <subfield code="a">INST</subfield>
   <subfield code="b">UNIPILB</subfield>
   <subfield code="c">SERIALS</subfield>
   <subfield code="e">20091106</subfield>
   <subfield code="h">Αλφαβητική σειρά</subfield>
   <subfield code="p">65269</subfield>
   <subfield code="q">65269</subfield>
   <subfield code="t">NOLOAN</subfield>
   <subfield code="v">vol.60;no.7:(Μήνας)July;(Έτος)2009</subfield>
   <subfield code="y">23</subfield>
  </datafield>
  <datafield tag="852" ind1=" " ind2=" ">
   <subfield code="a">INST</subfield>
   <subfield code="b">UNIPILB</subfield>
   <subfield code="c">SERIALS</subfield>
   <subfield code="e">20100416</subfield>
   <subfield code="h">Αλφαβητική σειρά</subfield>
   <subfield code="p">67879</subfield>
   <subfield code="q">67879</subfield>
   <subfield code="t">NOLOAN</subfield>
   <subfield code="v">vol.60;no.1:(Μήνας)January;(Έτος)2009</subfield>
   <subfield code="y">23</subfield>
  </datafield>
  <datafield tag="852" ind1=" " ind2=" ">
   <subfield code="a">INST</subfield>
   <subfield code="b">UNIPILB</subfield>
   <subfield code="c">SERIALS</subfield>
   <subfield code="e">20100416</subfield>
   <subfield code="h">Αλφαβητική σειρά</subfield>
   <subfield code="p">67880</subfield>
   <subfield code="q">67880</subfield>
   <subfield code="t">NOLOAN</subfield>
   <subfield code="v">vol.60;no.2:(Μήνας)February;(Έτος)2009</subfield>
   <subfield code="y">23</subfield>
  </datafield>
  <datafield tag="852" ind1=" " ind2=" ">
   <subfield code="a">INST</subfield>
   <subfield code="b">UNIPILB</subfield>
   <subfield code="c">SERIALS</subfield>
   <subfield code="e">20100416</subfield>
   <subfield code="h">Αλφαβητική σειρά</subfield>
   <subfield code="p">67881</subfield>
   <subfield code="q">67881</subfield>
   <subfield code="t">NOLOAN</subfield>
   <subfield code="v">vol.60;no.3:(Μήνας)March;(Έτος)2009</subfield>
   <subfield code="y">23</subfield>
  </datafield>
  <datafield tag="852" ind1=" " ind2=" ">
   <subfield code="a">INST</subfield>
   <subfield code="b">UNIPILB</subfield>
   <subfield code="c">SERIALS</subfield>
   <subfield code="e">20100416</subfield>
   <subfield code="h">Αλφαβητική σειρά</subfield>
   <subfield code="p">67882</subfield>
   <subfield code="q">67882</subfield>
   <subfield code="t">NOLOAN</subfield>
   <subfield code="v">vol.60;no.4:(Μήνας)April;(Έτος)2009</subfield>
   <subfield code="y">23</subfield>
  </datafield>
  <datafield tag="852" ind1=" " ind2=" ">
   <subfield code="a">INST</subfield>
   <subfield code="b">UNIPILB</subfield>
   <subfield code="c">SERIALS</subfield>
   <subfield code="e">20100416</subfield>
   <subfield code="h">Αλφαβητική σειρά</subfield>
   <subfield code="p">67883</subfield>
   <subfield code="q">67883</subfield>
   <subfield code="t">NOLOAN</subfield>
   <subfield code="v">vol.60;no.5:(Μήνας)May;(Έτος)2009</subfield>
   <subfield code="y">23</subfield>
  </datafield>
  <datafield tag="852" ind1=" " ind2=" ">
   <subfield code="a">INST</subfield>
   <subfield code="b">UNIPILB</subfield>
   <subfield code="c">SERIALS</subfield>
   <subfield code="e">20100416</subfield>
   <subfield code="h">Αλφαβητική σειρά</subfield>
   <subfield code="p">67884</subfield>
   <subfield code="q">67884</subfield>
   <subfield code="t">NOLOAN</subfield>
   <subfield code="v">vol.60;no.6:(Μήνας)June;(Έτος)2009</subfield>
   <subfield code="y">23</subfield>
  </datafield>
  <datafield tag="852" ind1=" " ind2=" ">
   <subfield code="a">INST</subfield>
   <subfield code="b">UNIPILB</subfield>
   <subfield code="c">SERIALS</subfield>
   <subfield code="e">20100416</subfield>
   <subfield code="h">Αλφαβητική σειρά</subfield>
   <subfield code="p">67885</subfield>
   <subfield code="q">67885</subfield>
   <subfield code="t">NOLOAN</subfield>
   <subfield code="v">vol.60;no.8:(Μήνας)August;(Έτος)2009</subfield>
   <subfield code="y">23</subfield>
  </datafield>
  <datafield tag="852" ind1=" " ind2=" ">
   <subfield code="a">INST</subfield>
   <subfield code="b">UNIPILB</subfield>
   <subfield code="c">SERIALS</subfield>
   <subfield code="e">20100416</subfield>
   <subfield code="h">Αλφαβητική σειρά</subfield>
   <subfield code="p">67886</subfield>
   <subfield code="q">67886</subfield>
   <subfield code="t">NOLOAN</subfield>
   <subfield code="v">vol.60;no.9:(Μήνας)September;(Έτος)2009</subfield>
   <subfield code="y">23</subfield>
  </datafield>
  <datafield tag="852" ind1=" " ind2=" ">
   <subfield code="a">INST</subfield>
   <subfield code="b">UNIPILB</subfield>
   <subfield code="c">SERIALS</subfield>
   <subfield code="e">20100416</subfield>
   <subfield code="h">Αλφαβητική σειρά</subfield>
   <subfield code="p">67887</subfield>
   <subfield code="q">67887</subfield>
   <subfield code="t">NOLOAN</subfield>
   <subfield code="v">vol.60;no.10:(Μήνας)October;(Έτος)2009</subfield>
   <subfield code="y">23</subfield>
  </datafield>
  <datafield tag="852" ind1=" " ind2=" ">
   <subfield code="a">INST</subfield>
   <subfield code="b">UNIPILB</subfield>
   <subfield code="c">SERIALS</subfield>
   <subfield code="e">20100416</subfield>
   <subfield code="h">Αλφαβητική σειρά</subfield>
   <subfield code="p">67888</subfield>
   <subfield code="q">67888</subfield>
   <subfield code="t">NOLOAN</subfield>
   <subfield code="v">vol.60;no.11:(Μήνας)November;(Έτος)2009</subfield>
   <subfield code="y">23</subfield>
  </datafield>
  <datafield tag="852" ind1=" " ind2=" ">
   <subfield code="a">INST</subfield>
   <subfield code="b">UNIPILB</subfield>
   <subfield code="c">SERIALS</subfield>
   <subfield code="e">20100416</subfield>
   <subfield code="h">Αλφαβητική σειρά</subfield>
   <subfield code="p">67889</subfield>
   <subfield code="q">67889</subfield>
   <subfield code="t">NOLOAN</subfield>
   <subfield code="v">vol.60;no.12:(Μήνας)December;(Έτος)2009</subfield>
   <subfield code="y">23</subfield>
  </datafield>
  <datafield tag="852" ind1=" " ind2=" ">
   <subfield code="a">INST</subfield>
   <subfield code="b">UNIPILB</subfield>
   <subfield code="c">SERIALS</subfield>
   <subfield code="e">20100706</subfield>
   <subfield code="h">Αλφαβητική σειρά</subfield>
   <subfield code="p">69424</subfield>
   <subfield code="q">69424</subfield>
   <subfield code="t">NOLOAN</subfield>
   <subfield code="v">vol.61;no.1:(Μήνας)January;(Έτος)2010</subfield>
   <subfield code="y">23</subfield>
  </datafield>
  <datafield tag="852" ind1=" " ind2=" ">
   <subfield code="a">INST</subfield>
   <subfield code="b">UNIPILB</subfield>
   <subfield code="c">SERIALS</subfield>
   <subfield code="e">20100826</subfield>
   <subfield code="h">Αλφαβητική σειρά</subfield>
   <subfield code="p">69639</subfield>
   <subfield code="q">69639</subfield>
   <subfield code="t">NOLOAN</subfield>
   <subfield code="v">vol.61;no.2:(Μήνας)February;(Έτος)2010</subfield>
   <subfield code="y">23</subfield>
  </datafield>
  <datafield tag="852" ind1=" " ind2=" ">
   <subfield code="a">INST</subfield>
   <subfield code="b">UNIPILB</subfield>
   <subfield code="c">SERIALS</subfield>
   <subfield code="e">20100826</subfield>
   <subfield code="h">Αλφαβητική σειρά</subfield>
   <subfield code="p">69640</subfield>
   <subfield code="q">69640</subfield>
   <subfield code="t">NOLOAN</subfield>
   <subfield code="v">vol.61;no.3:(Μήνας)March;(Έτος)2010</subfield>
   <subfield code="y">23</subfield>
  </datafield>
  <datafield tag="852" ind1=" " ind2=" ">
   <subfield code="a">INST</subfield>
   <subfield code="b">UNIPILB</subfield>
   <subfield code="c">SERIALS</subfield>
   <subfield code="e">20100826</subfield>
   <subfield code="h">Αλφαβητική σειρά</subfield>
   <subfield code="p">69641</subfield>
   <subfield code="q">69641</subfield>
   <subfield code="t">NOLOAN</subfield>
   <subfield code="v">vol.61;no.4:(Μήνας)April;(Έτος)2010</subfield>
   <subfield code="y">23</subfield>
  </datafield>
  <datafield tag="852" ind1=" " ind2=" ">
   <subfield code="a">INST</subfield>
   <subfield code="b">UNIPILB</subfield>
   <subfield code="c">SERIALS</subfield>
   <subfield code="e">20100826</subfield>
   <subfield code="h">Αλφαβητική σειρά</subfield>
   <subfield code="p">69642</subfield>
   <subfield code="q">69642</subfield>
   <subfield code="t">NOLOAN</subfield>
   <subfield code="v">vol.61;no.5:(Μήνας)May;(Έτος)2010</subfield>
   <subfield code="y">23</subfield>
  </datafield>
  <datafield tag="852" ind1=" " ind2=" ">
   <subfield code="a">INST</subfield>
   <subfield code="b">UNIPILB</subfield>
   <subfield code="c">SERIALS</subfield>
   <subfield code="e">20100826</subfield>
   <subfield code="h">Αλφαβητική σειρά</subfield>
   <subfield code="p">69643</subfield>
   <subfield code="q">69643</subfield>
   <subfield code="t">NOLOAN</subfield>
   <subfield code="v">vol.61;no.6:(Μήνας)June;(Έτος)2010</subfield>
   <subfield code="y">23</subfield>
  </datafield>
  <datafield tag="852" ind1=" " ind2=" ">
   <subfield code="a">INST</subfield>
   <subfield code="b">UNIPILB</subfield>
   <subfield code="c">SERIALS</subfield>
   <subfield code="e">20100826</subfield>
   <subfield code="h">Αλφαβητική σειρά</subfield>
   <subfield code="p">69644</subfield>
   <subfield code="q">69644</subfield>
   <subfield code="t">NOLOAN</subfield>
   <subfield code="v">vol.61;no.7:(Μήνας)July;(Έτος)2010</subfield>
   <subfield code="y">23</subfield>
  </datafield>
  <datafield tag="852" ind1=" " ind2=" ">
   <subfield code="a">INST</subfield>
   <subfield code="b">UNIPILB</subfield>
   <subfield code="c">SERIALS</subfield>
   <subfield code="e">20101001</subfield>
   <subfield code="h">Αλφαβητική σειρά</subfield>
   <subfield code="p">69955</subfield>
   <subfield code="q">69955</subfield>
   <subfield code="t">NOLOAN</subfield>
   <subfield code="v">vol.61;no.8:(Μήνας)August;(Έτος)2010</subfield>
   <subfield code="y">23</subfield>
  </datafield>
  <datafield tag="852" ind1=" " ind2=" ">
   <subfield code="a">INST</subfield>
   <subfield code="b">UNIPILB</subfield>
   <subfield code="c">SERIALS</subfield>
   <subfield code="e">20101007</subfield>
   <subfield code="h">Αλφαβητική σειρά</subfield>
   <subfield code="p">70071</subfield>
   <subfield code="q">70071</subfield>
   <subfield code="t">NOLOAN</subfield>
   <subfield code="v">vol.61;no.9:(Μήνας)September;(Έτος)2010</subfield>
   <subfield code="y">23</subfield>
  </datafield>
  <datafield tag="852" ind1=" " ind2=" ">
   <subfield code="a">INST</subfield>
   <subfield code="b">UNIPILB</subfield>
   <subfield code="c">SERIALS</subfield>
   <subfield code="e">20101018</subfield>
   <subfield code="h">Αλφαβητική σειρά</subfield>
   <subfield code="p">70210</subfield>
   <subfield code="q">70210</subfield>
   <subfield code="t">NOLOAN</subfield>
   <subfield code="v">vol.61;no.10:(Μήνας)October;(Έτος)2010</subfield>
   <subfield code="y">23</subfield>
  </datafield>
  <datafield tag="852" ind1=" " ind2=" ">
   <subfield code="a">INST</subfield>
   <subfield code="b">UNIPILB</subfield>
   <subfield code="c">SERIALS</subfield>
   <subfield code="e">20101112</subfield>
   <subfield code="h">Αλφαβητική σειρά</subfield>
   <subfield code="p">70566</subfield>
   <subfield code="q">70566</subfield>
   <subfield code="t">NOLOAN</subfield>
   <subfield code="v">vol.61;no.11:(Μήνας)November;(Έτος)2010</subfield>
   <subfield code="y">23</subfield>
  </datafield>
  <datafield tag="852" ind1=" " ind2=" ">
   <subfield code="a">INST</subfield>
   <subfield code="b">UNIPILB</subfield>
   <subfield code="c">SERIALS</subfield>
   <subfield code="e">20110118</subfield>
   <subfield code="h">Αλφαβητική σειρά</subfield>
   <subfield code="p">70800</subfield>
   <subfield code="q">70800</subfield>
   <subfield code="t">NOLOAN</subfield>
   <subfield code="v">vol.61;no.12:(Μήνας)December;(Έτος)2010</subfield>
   <subfield code="y">23</subfield>
  </datafield>
  <datafield tag="852" ind1=" " ind2=" ">
   <subfield code="a">INST</subfield>
   <subfield code="b">UNIPILB</subfield>
   <subfield code="c">SERIALS</subfield>
   <subfield code="e">20110722</subfield>
   <subfield code="h">Αλφαβητική σειρά</subfield>
   <subfield code="p">72414</subfield>
   <subfield code="q">72414</subfield>
   <subfield code="t">NOLOAN</subfield>
   <subfield code="v">vol.62;no.1:(Μήνας)January;(Έτος)2011</subfield>
   <subfield code="y">23</subfield>
  </datafield>
  <datafield tag="852" ind1=" " ind2=" ">
   <subfield code="a">INST</subfield>
   <subfield code="b">UNIPILB</subfield>
   <subfield code="c">SERIALS</subfield>
   <subfield code="e">20110722</subfield>
   <subfield code="h">Αλφαβητική σειρά</subfield>
   <subfield code="p">72415</subfield>
   <subfield code="q">72415</subfield>
   <subfield code="t">NOLOAN</subfield>
   <subfield code="v">vol.62;no.2:(Μήνας)February;(Έτος)2011</subfield>
   <subfield code="y">23</subfield>
  </datafield>
  <datafield tag="852" ind1=" " ind2=" ">
   <subfield code="a">INST</subfield>
   <subfield code="b">UNIPILB</subfield>
   <subfield code="c">SERIALS</subfield>
   <subfield code="e">20110722</subfield>
   <subfield code="h">Αλφαβητική σειρά</subfield>
   <subfield code="p">72416</subfield>
   <subfield code="q">72416</subfield>
   <subfield code="t">NOLOAN</subfield>
   <subfield code="v">vol.62;no.3:(Μήνας)March;(Έτος)2011</subfield>
   <subfield code="y">23</subfield>
  </datafield>
  <datafield tag="852" ind1=" " ind2=" ">
   <subfield code="a">INST</subfield>
   <subfield code="b">UNIPILB</subfield>
   <subfield code="c">SERIALS</subfield>
   <subfield code="e">20110722</subfield>
   <subfield code="h">Αλφαβητική σειρά</subfield>
   <subfield code="p">72417</subfield>
   <subfield code="q">72417</subfield>
   <subfield code="t">NOLOAN</subfield>
   <subfield code="v">vol.62;no.4:(Μήνας)April;(Έτος)2011</subfield>
   <subfield code="y">23</subfield>
  </datafield>
  <datafield tag="852" ind1=" " ind2=" ">
   <subfield code="a">INST</subfield>
   <subfield code="b">UNIPILB</subfield>
   <subfield code="c">SERIALS</subfield>
   <subfield code="e">20110722</subfield>
   <subfield code="h">Αλφαβητική σειρά</subfield>
   <subfield code="p">72418</subfield>
   <subfield code="q">72418</subfield>
   <subfield code="t">NOLOAN</subfield>
   <subfield code="v">vol.62;no.5:(Μήνας)May;(Έτος)2011</subfield>
   <subfield code="y">23</subfield>
  </datafield>
  <datafield tag="852" ind1=" " ind2=" ">
   <subfield code="a">INST</subfield>
   <subfield code="b">UNIPILB</subfield>
   <subfield code="c">SERIALS</subfield>
   <subfield code="e">20110722</subfield>
   <subfield code="h">Αλφαβητική σειρά</subfield>
   <subfield code="p">72419</subfield>
   <subfield code="q">72419</subfield>
   <subfield code="t">NOLOAN</subfield>
   <subfield code="v">vol.62;no.6:(Μήνας)June;(Έτος)2011</subfield>
   <subfield code="y">23</subfield>
  </datafield>
  <datafield tag="852" ind1=" " ind2=" ">
   <subfield code="a">INST</subfield>
   <subfield code="b">UNIPILB</subfield>
   <subfield code="c">SERIALS</subfield>
   <subfield code="e">20110722</subfield>
   <subfield code="h">Αλφαβητική σειρά</subfield>
   <subfield code="p">72420</subfield>
   <subfield code="q">72420</subfield>
   <subfield code="t">NOLOAN</subfield>
   <subfield code="v">vol.62;no.7:(Μήνας)July;(Έτος)2011</subfield>
   <subfield code="y">23</subfield>
  </datafield>
  <datafield tag="852" ind1=" " ind2=" ">
   <subfield code="a">INST</subfield>
   <subfield code="b">UNIPILB</subfield>
   <subfield code="c">SERIALS</subfield>
   <subfield code="e">20110722</subfield>
   <subfield code="h">Αλφαβητική σειρά</subfield>
   <subfield code="p">72421</subfield>
   <subfield code="q">72421</subfield>
   <subfield code="t">NOLOAN</subfield>
   <subfield code="v">vol.62;no.8:(Μήνας)August;(Έτος)2011</subfield>
   <subfield code="y">23</subfield>
  </datafield>
  <datafield tag="852" ind1=" " ind2=" ">
   <subfield code="a">INST</subfield>
   <subfield code="b">UNIPILB</subfield>
   <subfield code="c">SERIALS</subfield>
   <subfield code="e">20111003</subfield>
   <subfield code="h">Αλφαβητική σειρά</subfield>
   <subfield code="p">72885</subfield>
   <subfield code="q">72885</subfield>
   <subfield code="t">NOLOAN</subfield>
   <subfield code="v">vol.62;no.10:(Μήνας)October;(Έτος)2011</subfield>
   <subfield code="y">23</subfield>
  </datafield>
  <datafield tag="852" ind1=" " ind2=" ">
   <subfield code="a">INST</subfield>
   <subfield code="b">UNIPILB</subfield>
   <subfield code="c">SERIALS</subfield>
   <subfield code="e">20111003</subfield>
   <subfield code="h">Αλφαβητική σειρά</subfield>
   <subfield code="p">72913</subfield>
   <subfield code="q">72913</subfield>
   <subfield code="t">NOLOAN</subfield>
   <subfield code="v">vol.62;no.9:(Μήνας)September;(Έτος)2011</subfield>
   <subfield code="y">23</subfield>
  </datafield>
  <datafield tag="852" ind1=" " ind2=" ">
   <subfield code="a">INST</subfield>
   <subfield code="b">UNIPILB</subfield>
   <subfield code="c">SERIALS</subfield>
   <subfield code="e">20111031</subfield>
   <subfield code="h">Αλφαβητική σειρά</subfield>
   <subfield code="p">73156</subfield>
   <subfield code="q">73156</subfield>
   <subfield code="t">NOLOAN</subfield>
   <subfield code="v">vol.62;no.11:(Μήνας)November;(Έτος)2011</subfield>
   <subfield code="y">23</subfield>
  </datafield>
  <datafield tag="852" ind1=" " ind2=" ">
   <subfield code="a">INST</subfield>
   <subfield code="b">UNIPILB</subfield>
   <subfield code="c">SERIALS</subfield>
   <subfield code="e">20111124</subfield>
   <subfield code="h">Αλφαβητική σειρά</subfield>
   <subfield code="p">73523</subfield>
   <subfield code="q">73523</subfield>
   <subfield code="t">NOLOAN</subfield>
   <subfield code="v">vol.62;no.12:(Μήνας)December;(Έτος)2011</subfield>
   <subfield code="y">23</subfield>
  </datafield>
  <datafield tag="852" ind1=" " ind2=" ">
   <subfield code="a">INST</subfield>
   <subfield code="b">UNIPILB</subfield>
   <subfield code="c">SERIALS</subfield>
   <subfield code="e">20120601</subfield>
   <subfield code="h">Αλφαβητική σειρά</subfield>
   <subfield code="p">75655</subfield>
   <subfield code="q">75655</subfield>
   <subfield code="t">NOLOAN</subfield>
   <subfield code="v">vol.63;no.1:(Μήνας)January;(Έτος)2012</subfield>
   <subfield code="y">23</subfield>
  </datafield>
  <datafield tag="852" ind1=" " ind2=" ">
   <subfield code="a">INST</subfield>
   <subfield code="b">UNIPILB</subfield>
   <subfield code="c">SERIALS</subfield>
   <subfield code="e">20120601</subfield>
   <subfield code="h">Αλφαβητική σειρά</subfield>
   <subfield code="p">75656</subfield>
   <subfield code="q">75656</subfield>
   <subfield code="t">NOLOAN</subfield>
   <subfield code="v">vol.63;no.2:(Μήνας)February;(Έτος)2012</subfield>
   <subfield code="y">23</subfield>
  </datafield>
  <datafield tag="852" ind1=" " ind2=" ">
   <subfield code="a">INST</subfield>
   <subfield code="b">UNIPILB</subfield>
   <subfield code="c">SERIALS</subfield>
   <subfield code="e">20120601</subfield>
   <subfield code="h">Αλφαβητική σειρά</subfield>
   <subfield code="p">75657</subfield>
   <subfield code="q">75657</subfield>
   <subfield code="t">NOLOAN</subfield>
   <subfield code="v">vol.63;no.3:(Μήνας)March;(Έτος)2012</subfield>
   <subfield code="y">23</subfield>
  </datafield>
  <datafield tag="852" ind1=" " ind2=" ">
   <subfield code="a">INST</subfield>
   <subfield code="b">UNIPILB</subfield>
   <subfield code="c">SERIALS</subfield>
   <subfield code="e">20120601</subfield>
   <subfield code="h">Αλφαβητική σειρά</subfield>
   <subfield code="p">75658</subfield>
   <subfield code="q">75658</subfield>
   <subfield code="t">NOLOAN</subfield>
   <subfield code="v">vol.63;no.4:(Μήνας)April;(Έτος)2012</subfield>
   <subfield code="y">23</subfield>
  </datafield>
  <datafield tag="852" ind1=" " ind2=" ">
   <subfield code="a">INST</subfield>
   <subfield code="b">UNIPILB</subfield>
   <subfield code="c">SERIALS</subfield>
   <subfield code="e">20120601</subfield>
   <subfield code="h">Αλφαβητική σειρά</subfield>
   <subfield code="p">75659</subfield>
   <subfield code="q">75659</subfield>
   <subfield code="t">NOLOAN</subfield>
   <subfield code="v">vol.63;no.5:(Μήνας)May;(Έτος)2012</subfield>
   <subfield code="y">23</subfield>
  </datafield>
  <datafield tag="852" ind1=" " ind2=" ">
   <subfield code="a">INST</subfield>
   <subfield code="b">UNIPILB</subfield>
   <subfield code="c">SERIALS</subfield>
   <subfield code="e">20120601</subfield>
   <subfield code="h">Αλφαβητική σειρά</subfield>
   <subfield code="p">75660</subfield>
   <subfield code="q">75660</subfield>
   <subfield code="t">NOLOAN</subfield>
   <subfield code="v">vol.63;no.6:(Μήνας)June;(Έτος)2012</subfield>
   <subfield code="y">23</subfield>
  </datafield>
  <datafield tag="852" ind1=" " ind2=" ">
   <subfield code="a">INST</subfield>
   <subfield code="b">UNIPILB</subfield>
   <subfield code="c">SERIALS</subfield>
   <subfield code="e">20120702</subfield>
   <subfield code="h">Αλφαβητική σειρά</subfield>
   <subfield code="p">75912</subfield>
   <subfield code="q">75912</subfield>
   <subfield code="t">NOLOAN</subfield>
   <subfield code="v">vol.63;no.7:(Μήνας)July;(Έτος)2012</subfield>
   <subfield code="y">23</subfield>
  </datafield>
  <datafield tag="852" ind1=" " ind2=" ">
   <subfield code="a">INST</subfield>
   <subfield code="b">UNIPILB</subfield>
   <subfield code="c">SERIALS</subfield>
   <subfield code="e">20120828</subfield>
   <subfield code="h">Αλφαβητική σειρά</subfield>
   <subfield code="p">76286</subfield>
   <subfield code="q">76286</subfield>
   <subfield code="t">NOLOAN</subfield>
   <subfield code="v">vol.63;no.8:(Μήνας)August;(Έτος)2012</subfield>
   <subfield code="y">23</subfield>
  </datafield>
  <datafield tag="852" ind1=" " ind2=" ">
   <subfield code="a">INST</subfield>
   <subfield code="b">UNIPILB</subfield>
   <subfield code="c">SERIALS</subfield>
   <subfield code="e">20120924</subfield>
   <subfield code="h">Αλφαβητική σειρά</subfield>
   <subfield code="p">76589</subfield>
   <subfield code="q">76589</subfield>
   <subfield code="t">NOLOAN</subfield>
   <subfield code="v">vol.63;no.9:(Μήνας)September;(Έτος)2012</subfield>
   <subfield code="y">23</subfield>
  </datafield>
  <datafield tag="852" ind1=" " ind2=" ">
   <subfield code="a">INST</subfield>
   <subfield code="b">UNIPILB</subfield>
   <subfield code="c">SERIALS</subfield>
   <subfield code="e">20121008</subfield>
   <subfield code="h">Αλφαβητική σειρά</subfield>
   <subfield code="p">76716</subfield>
   <subfield code="q">76716</subfield>
   <subfield code="t">NOLOAN</subfield>
   <subfield code="v">vol.63;no.10:(Μήνας)October;(Έτος)2012</subfield>
   <subfield code="y">23</subfield>
  </datafield>
  <datafield tag="852" ind1=" " ind2=" ">
   <subfield code="a">INST</subfield>
   <subfield code="b">UNIPILB</subfield>
   <subfield code="c">SERIALS</subfield>
   <subfield code="e">20121217</subfield>
   <subfield code="h">Αλφαβητική σειρά</subfield>
   <subfield code="p">77369</subfield>
   <subfield code="q">77369</subfield>
   <subfield code="t">NOLOAN</subfield>
   <subfield code="v">vol.63;no.12:(Μήνας)December;(Έτος)2012</subfield>
   <subfield code="y">23</subfield>
  </datafield>
  <datafield tag="852" ind1=" " ind2=" ">
   <subfield code="a">INST</subfield>
   <subfield code="b">UNIPILB</subfield>
   <subfield code="c">SERIALS</subfield>
   <subfield code="e">20130408</subfield>
   <subfield code="h">Αλφαβητική σειρά</subfield>
   <subfield code="p">78855</subfield>
   <subfield code="q">78855</subfield>
   <subfield code="t">NOLOAN</subfield>
   <subfield code="v">vol.63;no.11:(Μήνας)November;(Έτος)2012</subfield>
   <subfield code="y">23</subfield>
  </datafield>
  <datafield tag="852" ind1=" " ind2=" ">
   <subfield code="a">INST</subfield>
   <subfield code="b">UNIPILB</subfield>
   <subfield code="c">SERIALS</subfield>
   <subfield code="e">20140110</subfield>
   <subfield code="h">Αλφαβητική σειρά</subfield>
   <subfield code="p">81784</subfield>
   <subfield code="q">81784</subfield>
   <subfield code="t">NOLOAN</subfield>
   <subfield code="v">vol.64;no.1:(Μήνας)January;(Έτος)2013</subfield>
   <subfield code="y">23</subfield>
  </datafield>
  <datafield tag="852" ind1=" " ind2=" ">
   <subfield code="a">INST</subfield>
   <subfield code="b">UNIPILB</subfield>
   <subfield code="c">SERIALS</subfield>
   <subfield code="e">20140110</subfield>
   <subfield code="h">Αλφαβητική σειρά</subfield>
   <subfield code="p">81785</subfield>
   <subfield code="q">81785</subfield>
   <subfield code="t">NOLOAN</subfield>
   <subfield code="v">vol.64;no.2:(Μήνας)February;(Έτος)2013</subfield>
   <subfield code="y">23</subfield>
  </datafield>
  <datafield tag="852" ind1=" " ind2=" ">
   <subfield code="a">INST</subfield>
   <subfield code="b">UNIPILB</subfield>
   <subfield code="c">SERIALS</subfield>
   <subfield code="e">20140110</subfield>
   <subfield code="h">Αλφαβητική σειρά</subfield>
   <subfield code="p">81786</subfield>
   <subfield code="q">81786</subfield>
   <subfield code="t">NOLOAN</subfield>
   <subfield code="v">vol.64;no.3:(Μήνας)March;(Έτος)2013</subfield>
   <subfield code="y">23</subfield>
  </datafield>
  <datafield tag="852" ind1=" " ind2=" ">
   <subfield code="a">INST</subfield>
   <subfield code="b">UNIPILB</subfield>
   <subfield code="c">SERIALS</subfield>
   <subfield code="e">20140110</subfield>
   <subfield code="h">Αλφαβητική σειρά</subfield>
   <subfield code="p">81787</subfield>
   <subfield code="q">81787</subfield>
   <subfield code="t">NOLOAN</subfield>
   <subfield code="v">vol.64;no.10:(Μήνας)October;(Έτος)2013</subfield>
   <subfield code="y">23</subfield>
  </datafield>
  <datafield tag="852" ind1=" " ind2=" ">
   <subfield code="a">INST</subfield>
   <subfield code="b">UNIPILB</subfield>
   <subfield code="c">SERIALS</subfield>
   <subfield code="e">20140110</subfield>
   <subfield code="h">Αλφαβητική σειρά</subfield>
   <subfield code="p">81788</subfield>
   <subfield code="q">81788</subfield>
   <subfield code="t">NOLOAN</subfield>
   <subfield code="v">vol.64;no.12:(Μήνας)December;(Έτος)2013</subfield>
   <subfield code="y">23</subfield>
  </datafield>
  <datafield tag="852" ind1=" " ind2=" ">
   <subfield code="a">INST</subfield>
   <subfield code="b">UNIPILB</subfield>
   <subfield code="c">SERIALS</subfield>
   <subfield code="e">20140110</subfield>
   <subfield code="h">Αλφαβητική σειρά</subfield>
   <subfield code="p">81825</subfield>
   <subfield code="q">81825</subfield>
   <subfield code="t">NOLOAN</subfield>
   <subfield code="v">vol.64;no.4:(Μήνας)April;(Έτος)2013</subfield>
   <subfield code="y">23</subfield>
  </datafield>
  <datafield tag="852" ind1=" " ind2=" ">
   <subfield code="a">INST</subfield>
   <subfield code="b">UNIPILB</subfield>
   <subfield code="c">SERIALS</subfield>
   <subfield code="e">20140110</subfield>
   <subfield code="h">Αλφαβητική σειρά</subfield>
   <subfield code="p">81826</subfield>
   <subfield code="q">81826</subfield>
   <subfield code="t">NOLOAN</subfield>
   <subfield code="v">vol.64;no.5:(Μήνας)May;(Έτος)2013</subfield>
   <subfield code="y">23</subfield>
  </datafield>
  <datafield tag="852" ind1=" " ind2=" ">
   <subfield code="a">INST</subfield>
   <subfield code="b">UNIPILB</subfield>
   <subfield code="c">SERIALS</subfield>
   <subfield code="e">20140110</subfield>
   <subfield code="h">Αλφαβητική σειρά</subfield>
   <subfield code="p">81827</subfield>
   <subfield code="q">81827</subfield>
   <subfield code="t">NOLOAN</subfield>
   <subfield code="v">vol.64;no.6:(Μήνας)June;(Έτος)2013</subfield>
   <subfield code="y">23</subfield>
  </datafield>
  <datafield tag="852" ind1=" " ind2=" ">
   <subfield code="a">INST</subfield>
   <subfield code="b">UNIPILB</subfield>
   <subfield code="c">SERIALS</subfield>
   <subfield code="e">20140110</subfield>
   <subfield code="h">Αλφαβητική σειρά</subfield>
   <subfield code="p">81828</subfield>
   <subfield code="q">81828</subfield>
   <subfield code="t">NOLOAN</subfield>
   <subfield code="v">vol.64;no.7:(Μήνας)July;(Έτος)2013</subfield>
   <subfield code="y">23</subfield>
  </datafield>
  <datafield tag="852" ind1=" " ind2=" ">
   <subfield code="a">INST</subfield>
   <subfield code="b">UNIPILB</subfield>
   <subfield code="c">SERIALS</subfield>
   <subfield code="e">20140110</subfield>
   <subfield code="h">Αλφαβητική σειρά</subfield>
   <subfield code="p">81829</subfield>
   <subfield code="q">81829</subfield>
   <subfield code="t">NOLOAN</subfield>
   <subfield code="v">vol.64;no.8:(Μήνας)August;(Έτος)2013</subfield>
   <subfield code="y">23</subfield>
  </datafield>
  <datafield tag="852" ind1=" " ind2=" ">
   <subfield code="a">INST</subfield>
   <subfield code="b">UNIPILB</subfield>
   <subfield code="c">SERIALS</subfield>
   <subfield code="e">20140110</subfield>
   <subfield code="h">Αλφαβητική σειρά</subfield>
   <subfield code="p">81830</subfield>
   <subfield code="q">81830</subfield>
   <subfield code="t">NOLOAN</subfield>
   <subfield code="v">vol.64;no.9:(Μήνας)September;(Έτος)2013</subfield>
   <subfield code="y">23</subfield>
  </datafield>
  <datafield tag="852" ind1=" " ind2=" ">
   <subfield code="a">INST</subfield>
   <subfield code="b">UNIPILB</subfield>
   <subfield code="c">SERIALS</subfield>
   <subfield code="e">20140110</subfield>
   <subfield code="h">Αλφαβητική σειρά</subfield>
   <subfield code="p">81831</subfield>
   <subfield code="q">81831</subfield>
   <subfield code="t">NOLOAN</subfield>
   <subfield code="v">vol.64;no.11:(Μήνας)November;(Έτος)2013</subfield>
   <subfield code="y">23</subfield>
  </datafield>
  <datafield tag="856" ind1="4" ind2="1">
   <subfield code="u">http://www.jstor.org/browse/01605682?frame=noframe&amp;userID=c3fbe32e@unipi.gr/01cce44035984a10798179252&amp;dpi=3&amp;config=jstor</subfield>
  </datafield>
  <datafield tag="900" ind1=" " ind2=" ">
   <subfield code="a">Vol. 65 no. 1 (January 2014)</subfield>
   <subfield code="b">Οφειλόμενο</subfield>
   <subfield code="c">13/06/2017</subfield>
  </datafield>
  <datafield tag="950" ind1=" " ind2=" ">
   <subfield code="a">01/01/2002</subfield>
   <subfield code="c">SWETS INFORMATION SERVICES</subfield>
   <subfield code="d">267</subfield>
  </datafield>
  <datafield tag="951" ind1=" " ind2=" ">
   <subfield code="a">Vol. 64 no. 1 (January 2013) - Vol. 64 no. 12 (December 2013)</subfield>
   <subfield code="b">Main run</subfield>
  </datafield>
  <datafield tag="951" ind1=" " ind2=" ">
   <subfield code="a">Vol.29, no.1(Jan. 1978) -  (v.51, no.12(Dec. 2000)</subfield>
   <subfield code="b">Main run</subfield>
  </datafield>
  <datafield tag="951" ind1=" " ind2=" ">
   <subfield code="a">Vol. 53 no. 1 (January 2002) - Vol. 53 no. 12 (December 2002)</subfield>
   <subfield code="b">Main run</subfield>
  </datafield>
  <datafield tag="951" ind1=" " ind2=" ">
   <subfield code="a">Vol. 54 no. 1 (January 2003) - Vol. 54 no. 12 (December 2003)</subfield>
   <subfield code="b">Main run</subfield>
  </datafield>
  <datafield tag="951" ind1=" " ind2=" ">
   <subfield code="a">Vol. 55 no. 3 (March 2004) - Vol. 55 no. 7 (July 2004)</subfield>
   <subfield code="b">Main run</subfield>
  </datafield>
  <datafield tag="951" ind1=" " ind2=" ">
   <subfield code="a">Vol. 60 no. 1 (January 2009) - Vol. 63 no. 12 (December 2012)</subfield>
   <subfield code="b">Main run</subfield>
  </datafield>
  <datafield tag="952" ind1=" " ind2=" ">
   <subfield code="a">46(6,9,11)1995, 48(2,4,5,11,12)1997, 51(9,11)2000</subfield>
  </datafield>
 </record>
</collection>
